Statistiques concernant Incollable #50 - Citoyenneté

Cliquez ici pour prendre le quiz!

Statistiques générales

  • Ce quiz a été pris 213 fois
  • Le résultat moyen est 6 sur 9

Statistiques - réponses

NiveauxQuestionsRéponses% Correct
CE1Change une lettre et enlève l’accent du mot « château » et trouve ce qui protège la tête du Soleil.Un chapeau
99%
CPComment appelle-t-on les semaines pendant lesquelles on ne va pas à l’école ?Les vacances
98%
CE2Dans le Code de la Route, que signale un panneau à fond bleu avec un H blanc ?Un hôpital
91%
LycéeAu total, combien y a-t-il de jours fériés par an en France ?11
63%
LycéeDe quel ministère dépend la Gendarmerie Nationale ?Le ministère de l’Intérieur (depuis le 1er janvier 2009)
60%
CM2On me propulse d’un bateau en détresse. Que suis-je ?Une fusée (de détresse)
58%
CM1Comment appelle-t-on la personne qui règle des conflits à l’amiable ?Un médiateur
45%
CollègeQuel tribunal règle le litige entre un patient et un hôpital publique ?Le tribunal administratif
19%
CM2Que trouve-t-on sur les pièces française de 1 ou 2 € ?Un arbre (symbole de liberté)
17%

Distribution des résultats

Percentile par nombre de réponses

% des personnes avec chaque résultat

Votre développement - résultats

Vous n’avez pas pris ce quiz